000 00422nam a2200181Ia 4500
001 15043
005 20260306164958.0
008 260306t2012||||xx |||||||||||||| ||spa||
041 _aESP
082 _a526.9
_bM26
100 _aMartínez Marín, Rubén
_eAUT
245 0 _aTopografía aplicada
260 _c2012
300 _a212 páginas :
_c24 cm.
650 _aGEN
654 _aCIC
942 _cLIB
_dJUS
_fJUS
_2ddc
_n
999 _c15043
_d15043